[Event "GER-ch 85th"]
[Site "Verden/Aller"]
[Date "2014.11.21"]
[Round "1"]
[White "Hundack, Rolf"]
[Black "Jugelt, Tobias"]
[Result "1/2-1/2"]
[WhiteElo "2223"]
[BlackElo "2404"]
[EventDate "2014.11.21"]
[PlyCount "203"]

1. c4 f5 2. d4 Nf6 3. g3 g6 4. Bg2 Bg7 5. Nf3 O-O 6. O-O d6 7. Nc3 c6 8. b3 Qe8 9. Qc2 e5 10. dxe5 dxe5 11. e4 f4 12. gxf4 Nh5 13. Nxe5 g5 14. Nd3 Nxf4 15. Bxf4 gxf4 16. Bf3 Bh3 17. Rfe1 Na6 18. Kh1 Nc7 19. Rg1 Ne6 20. Ne2 Rd8 21. Rad1 Qe7 22. Ne1 Rxd1 23. Qxd1 Ng5 24. Qc2 Kh8 25. Nc1 Bd4 26. Qe2 Re8 27. Nc2 Bg7 28. Re1 Qe6 29. Nd3 Rf8 30. Rg1 h6 31. Nce1 Bc3 32. Ng2 Nxf3 33. Qxf3 Bg4 34. Ndxf4 Bxf3 35. Nxe6 Re8 36. Nc5 Bd4 37. Nd3 Rxe4 38. Nde1 Be2 39. Ne3 Rf4 40. Kg2 a5 41. N1c2 Bf3+ 42. Kf1 Be5 43. Ne1 Be4 44. Ke2 Bg7 45. f3 Bh7 46. N1g2 Rf7 47. Rd1 Bg6 48. Rd8+ Kh7 49. Rd1 Bh5 50. Ng4 Re7+ 51. Kf2 Bg6 52. Nf4 Bf7 53. Rd6 a4 54. Nf6+ Bxf6 55. Rxf6 a3 56. Rd6 b5 57. Rxc6 bxc4 58. bxc4 Rb7 59. Nd3 Bg6 60. Ne5 Bb1 61. Kg3 Bxa2 62. Ra6 Rb3 63. Ra7+ Kg8 64. c5 Rc3 65. Ng4 Be6 66. Nf6+ Kf8 67. Ne4 Rb3 68. c6 Rb6 69. Rxa3 Rxc6 70. Ra7 Bd5 71. Kf4 Rc2 72. h4 Rh2 73. Kg3 Rh1 74. Nf6 Bf7 75. Ng4 h5 76. Ne3 Be6 77. Ng2 Rh3+ 78. Kf4 Bd5 79. Ra3 Bc6 80. Rc3 Bb7 81. Rb3 Bd5 82. Rd3 Bc6 83. Rc3 Bb7 84. Rb3 Bd5 85. Rd3 Bc4 86. Rc3 Be2 87. Re3 Bf1 88. Ne1 Rxh4+ 89. Kg5 Rh1 90. Kf6 Bb5 91. Ng2 Be8 92. Nf4 Ra1 93. Ne6+ Kg8 94. f4 Ra7 95. f5 Rf7+ 96. Kg5 Bd7 97. Ra3 Bxe6 98. fxe6 Rf1 99. Ra8+ Rf8 100. Ra7 Rf1 101. Rd7 Kf8 102. Kxh5 1/2-1/2

[Event "GER-ch 85th"]
[Site "Verden/Aller"]
[Date "2014.11.23"]
[Round "3"]
[White "Mueller, Oliver"]
[Black "Mueller, Reinhold"]
[Result "0-1"]
[WhiteElo "2258"]
[BlackElo "2289"]
[EventDate "2014.11.21"]
[PlyCount "96"]

1. d4 Nf6 2. c4 e6 3. g3 c5 4. d5 exd5 5. cxd5 d6 6. Nc3 g6 7. Bg2 Bg7 8. Nf3 O-O 9. O-O Na6 10. Nd2 Nc7 11. Nc4 b5 12. Nxd6 Qxd6 13. Bf4 Qb6 14. d6 Ne6 15. Bxa8 Nxf4 16. gxf4 Bh3 17. Bg2 Bxg2 18. Kxg2 Rd8 19. Rc1 Rxd6 20. Qb3 Qc6+ 21. f3 Ng4 22. Ne4 Bd4 23. fxg4 Qxe4+ 24. Qf3 Qe7 25. f5 Ra6 26. Rc2 Rxa2 27. f6 Qe8 28. Rd1 Ra6 29. Rxd4 cxd4 30. Qb7 Rd6 31. g5 h6 32. Rc8 Rd8 33. Rxd8 Qxd8 34. Qxb5 hxg5 35. Qxg5 Qa8+ 36. Kf2 Qe4 37. b4 Kh7 38. Kg3 d3 39. exd3 Qxd3+ 40. Kg4 Qe2+ 41. Kh3 Qh5+ 42. Qxh5+ gxh5 43. Kg3 Kg6 44. Kf4 Kxf6 45. h4 a6 46. Ke4 Ke6 47. Kf4 f6 48. Ke4 f5+ 0-1

[Event "GER-ch 85th"]
[Site "Verden/Aller"]
[Date "2014.11.25"]
[Round "5"]
[White "Zehnter, Sebastian"]
[Black "Jugelt, Tobias"]
[Result "0-1"]
[WhiteElo "2237"]
[BlackElo "2404"]
[EventDate "2014.11.21"]
[PlyCount "134"]

1. e4 d6 2. Nc3 g6 3. g3 Bg7 4. Bg2 c5 5. Nge2 Nc6 6. O-O e5 7. d3 Nge7 8. Be3 Be6 9. Qd2 Nd4 10. Nc1 O-O 11. Nd1 Qd7 12. c3 Ndc6 13. Ne2 Rfd8 14. d4 cxd4 15. cxd4 d5 16. dxe5 d4 17. Bf4 Rac8 18. Nc1 d3 19. Ne3 Nxe5 20. Bxe5 Bxe5 21. Rd1 Rc2 22. Qxd3 Rxb2 23. Qxd7 Rxd7 24. Rxd7 Bxd7 25. Nd3 Rb5 26. Nxe5 Rxe5 27. Rd1 Be6 28. a3 Rc5 29. Rd3 Rc1+ 30. Bf1 Kg7 31. f4 Nc6 32. Kf2 Na5 33. Be2 Ra1 34. Nc2 Ra2 35. Rc3 Bb3 36. Bd3 Bxc2 37. Bxc2 b5 38. Ke1 a6 39. h3 h5 40. Bd3 Kf6 41. h4 Ke6 42. Kd1 Kd6 43. Be2 Nc4 44. Bxc4 bxc4 45. Rxc4 Rxa3 46. e5+ Kd7 47. Rd4+ Ke7 48. Rd6 a5 49. f5 gxf5 50. Rf6 Rxg3 51. Rxf5 a4 52. Kc2 Re3 53. Rxh5 Ke6 54. Rh6+ Kxe5 55. Ra6 a3 56. h5 f5 57. h6 Rh3 58. Kd1 Rh1+ 59. Ke2 a2 60. h7 Rxh7 61. Kf3 Rh2 62. Ke3 Kd5 63. Kf4 Kc4 64. Ra8 Kb3 65. Rb8+ Kc2 66. Ra8 Kb1 67. Rb8+ Rb2 0-1

[Event "GER-ch 85th"]
[Site "Verden/Aller"]
[Date "2014.11.26"]
[Round "6"]
[White "Stern, Rene"]
[Black "Zehnter, Sebastian"]
[Result "1-0"]
[WhiteElo "2546"]
[BlackElo "2237"]
[EventDate "2014.11.21"]
[PlyCount "157"]

1. d4 d5 2. c4 e5 3. e3 exd4 4. exd4 Nf6 5. Nc3 Bb4 6. Bd3 O-O 7. Nge2 dxc4 8. Bxc4 Nbd7 9. O-O Nb6 10. Bb3 Bf5 11. a3 Be7 12. Ng3 Bg6 13. Qf3 c6 14. Be3 Qd7 15. Rad1 Rfd8 16. h3 Nbd5 17. Bc1 Rac8 18. Rfe1 Rc7 19. Bg5 h6 20. Bc1 Qc8 21. Na4 b6 22. Nc3 Bf8 23. Bd2 Nxc3 24. bxc3 c5 25. Bf4 Bd6 26. dxc5 Bxf4 27. Rxd8+ Qxd8 28. Qxf4 Rxc5 29. Re3 Qc7 30. Qd4 Kh7 31. Ne2 Rb5 32. c4 Ra5 33. a4 Rg5 34. Nf4 Qc5 35. Qxc5 Rxc5 36. Re7 a5 37. Nxg6 fxg6 38. Re6 Nd7 39. Bc2 Rxc4 40. Bxg6+ Kg8 41. Re7 Rc1+ 42. Kh2 Nf8 43. Be4 Rd1 44. Bc2 Rd6 45. Bb3+ Kh7 46. Re8 Rf6 47. Kg3 Kg6 48. f4 h5 49. Bc4 Kh6 50. Bd3 g6 51. Bc4 Nd7 52. Bb5 Nf8 53. Rb8 h4+ 54. Kxh4 Rxf4+ 55. Kg3 Rf6 56. Rd8 Nh7 57. Rd4 Kg7 58. Rd7+ Kh6 59. Rc7 Ng5 60. Rc4 Nf7 61. Rc6 Rxc6 62. Bxc6 Ne5 63. Be4 g5 64. Kf2 Kg7 65. Ke3 Kf6 66. Kd4 Ke6 67. g3 Kd6 68. Bd3 Nd7 69. Bc2 Nf6 70. Bg6 Ng8 71. Ke4 Nh6 72. Bh5 Ke6 73. Bd1 Kf6 74. g4 Nf7 75. Kd5 Ne5 76. Be2 Nd7 77. Kc6 Ke7 78. Bb5 Kd8 79. Kb7 1-0

[Event "GER-ch 85th"]
[Site "Verden/Aller"]
[Date "2014.11.27"]
[Round "7"]
[White "Asendorf, Joachim"]
[Black "Krallmann, Matthias"]
[Result "1-0"]
[WhiteElo "2298"]
[BlackElo "2221"]
[EventDate "2014.11.21"]
[PlyCount "81"]

1. c4 b6 2. e4 Bb7 3. Nc3 e5 4. g3 f5 5. Bg2 Nf6 6. d3 Bb4 7. Nge2 O-O 8. O-O fxe4 9. h3 Nc6 10. dxe4 Bc5 11. Nd5 Nd4 12. Bg5 Bxd5 13. cxd5 d6 14. Rc1 a5 15. b3 Rf7 16. Be3 Nxe2+ 17. Qxe2 Nd7 18. h4 Bxe3 19. Qxe3 Nc5 20. Bh3 Kh8 21. a3 a4 22. b4 Nb3 23. Rcd1 Qe7 24. f4 exf4 25. Rxf4 Rxf4 26. gxf4 Re8 27. Bg2 Qxh4 28. e5 Qg4 29. Rf1 dxe5 30. fxe5 Nd4 31. e6 Ne2+ 32. Kh2 h6 33. Bh3 Qc4 34. e7 Qxd5 35. Rf8+ Kh7 36. Rxe8 Qd6+ 37. Kg2 Nf4+ 38. Kf3 Qd1+ 39. Kxf4 Qd6+ 40. Kf3 Qd1+ 41. Ke4 1-0

[Event "GER-ch 85th"]
[Site "Verden/Aller"]
[Date "2014.11.29"]
[Round "9"]
[White "Bastian, Herbert"]
[Black "Meins, Gerlef"]
[Result "1-0"]
[WhiteElo "2317"]
[BlackElo "2443"]
[EventDate "2014.11.21"]
[PlyCount "65"]

1. e4 c5 2. Nc3 Nc6 3. g3 g6 4. Bg2 Bg7 5. d3 d6 6. Be3 e5 7. Nd5 Nge7 8. Nxe7 Qxe7 9. Ne2 Nd4 10. c3 Nxe2 11. Qxe2 h5 12. O-O h4 13. Rad1 hxg3 14. hxg3 Bh6 15. Bxh6 Rxh6 16. d4 Be6 17. dxc5 dxc5 18. f4 exf4 19. gxf4 Kf8 20. f5 gxf5 21. exf5 Bxa2 22. Qd2 Qh4 23. Rf4 Qh2+ 24. Kf1 Bb3 25. Re1 Bd5 26. Re2 Bxg2+ 27. Rxg2 Qh1+ 28. Kf2 Qh5 29. Qd5 Rc8 30. Rfg4 Rhc6 31. Qe4 Qh7 32. Qf4 Re8 33. Rh4 1-0

[Event "GER-ch 85th"]
[Site "Verden/Aller"]
[Date "2014.11.29"]
[Round "9"]
[White "Bischoff, Klaus"]
[Black "Harff, Marcel"]
[Result "1-0"]
[WhiteElo "2502"]
[BlackElo "2273"]
[EventDate "2014.11.21"]
[PlyCount "105"]

1. d4 e6 2. c4 f5 3. g3 Nf6 4. Bg2 Bb4+ 5. Nd2 O-O 6. Ngf3 d6 7. O-O Bxd2 8. Bxd2 Qe7 9. Qb3 a5 10. Rac1 Ne4 11. Be3 Nd7 12. Nd2 Nxd2 13. Bxd2 c5 14. Be3 a4 15. Qa3 Ra6 16. Rfd1 b6 17. Bc6 Nf6 18. Bb5 Ra7 19. dxc5 dxc5 20. Qd3 Bd7 21. Qd6 Bxb5 22. Qxb6 Rb7 23. Qa5 Ng4 24. cxb5 Nxe3 25. fxe3 Rfb8 26. Qxa4 Rxb5 27. b3 h6 28. Qf4 Ra8 29. Rc2 Rb4 30. Qd6 Kf7 31. Qc6 Rb7 32. Rdd2 Ra5 33. Rd6 Raa7 34. Rdd2 Ra5 35. Kg2 Qc7 36. Qxc7+ Rxc7 37. b4 Rb5 38. Rd4 Ra7 39. bxc5 Rba5 40. c6 Rxa2 41. Rxa2 Rxa2 42. Rc4 Ra8 43. c7 Rc8 44. Kf3 Ke7 45. e4 fxe4+ 46. Kg4 g6 47. Kf4 Kd6 48. Kxe4 g5 49. g4 Rxc7 50. Rxc7 Kxc7 51. Ke5 Kd7 52. Kf6 Kd6 53. e4 1-0